[Event "Deutsche Blitz-Einzelmeisterschaft der Frauen 2021"]
[Site "Magdeburg"]
[Date "2021.08.01"]
[Round "1"]
[Board "8"]
[White "Stangl, Anita"]
[Black "Mader, Lena"]
[Result "1-0"]
[WhiteElo "1982"]
[BlackElo "1689"]
[PlyCount "0"]
[EventDate "2021.08.01"]
[EventRounds "21"]
[EventCountry "GER"]

1. e4 {[%clk 0:03:03]} c6 {[%clk 0:03:04]} 2. d4 {[%clk 0:02:54]} d5 {[%clk
0:03:05]} 3. e5 {[%clk 0:03:04]} Bf5 {[%clk 0:03:07]} 4. g4 {[%clk 0:03:05]} Bd7
{[%clk 0:03:06]} 5. f4 {[%clk 0:02:54]} e6 {[%clk 0:03:06]} 6. Nf3 {[%clk
0:02:54]} c5 {[%clk 0:03:06]} 7. c3 {[%clk 0:02:54]} Nc6 {[%clk 0:03:09]} 8. Bg2
{[%clk 0:02:49]} cxd4 {[%clk 0:03:03]} 9. cxd4 {[%clk 0:02:48]} Nge7 {[%clk
0:02:49]} 10. O-O {[%clk 0:02:45]} Nc8 {[%clk 0:02:50]} 11. Nc3 {[%clk 0:02:39]}
Be7 {[%clk 0:02:50]} 12. a3 {[%clk 0:02:37]} O-O {[%clk 0:02:50]} 13. Qd3 {[%clk
0:02:34]} Nb6 {[%clk 0:02:44]} 14. f5 {[%clk 0:02:32]} Qc8 {[%clk 0:01:59]} 15.
Bh3 {[%clk 0:02:17]} Nc4 {[%clk 0:01:51]} 16. b3 {[%clk 0:02:03]} N4a5 {[%clk
0:01:33]} 17. Ne2 {[%clk 0:01:55]} b5 {[%clk 0:01:23]} 18. Bg5 {[%clk 0:01:48]}
b4 {[%clk 0:01:16]} 19. Bxe7 {[%clk 0:01:41]} Nxe7 {[%clk 0:01:17]} 20. axb4
{[%clk 0:01:42]} Nac6 {[%clk 0:01:03]} 21. b5 {[%clk 0:01:43]} Nb4 {[%clk
0:00:55]} 22. Qd2 {[%clk 0:01:39]} a5 {[%clk 0:00:41]} 23. bxa6 {[%clk 0:01:40]}
Nxa6 {[%clk 0:00:42]} 24. f6 {[%clk 0:01:41]} Ng6 {[%clk 0:00:40]} 25. fxg7
{[%clk 0:01:22]} Kxg7 {[%clk 0:00:33]} 26. Qg5 {[%clk 0:01:09]} Qd8 {[%clk
0:00:26]} 27. Qh5 {[%clk 0:00:59]} Bb5 {[%clk 0:00:20]} 28. Rf2 {[%clk 0:00:52]}
Bxe2 {[%clk 0:00:16]} 29. Rxe2 {[%clk 0:00:53]} Nb4 {[%clk 0:00:15]} 30. Rf1
{[%clk 0:00:47]} Ra2 {[%clk 0:00:12]} 31. Rxa2 {[%clk 0:00:42]} Nxa2 {[%clk
0:00:14]} 32. Ng5 {[%clk 0:00:43]} h6 {[%clk 0:00:14]} 33. Nf3 {[%clk 0:00:44]}
Qb6 {[%clk 0:00:09]} 34. g5 {[%clk 0:00:44]} Qxb3 {[%clk 0:00:02]} 35. Qxh6+
{[%clk 0:00:44]} Kg8 {[%clk 0:00:10]} 36. Bxe6 {[%clk 0:00:32]} Qe3+ {[%clk
0:00:01]} 37. Kg2 {[%clk 0:00:33]} Qe2+ {[%clk 0:00:09]} 38. Rf2 {[%clk 0:00:34]}
Qe3 {[%clk 0:00:07]} 39. Bxf7+ {[%clk 0:00:35]} Rxf7 {[%clk 0:00:07]} 40. Qxg6+
{[%clk 0:00:36]} Rg7 {[%clk 0:00:08]} 41. Qe6+ {[%clk 0:00:36]} Kh8 {[%clk
0:00:09]} 42. Qxd5 {[%clk 0:00:34]} Nc3 {[%clk 0:00:10]} 43. Qd8+ {[%clk
0:00:33]} Kh7 {[%clk 0:00:11]} 44. Qf6 {[%clk 0:00:28]} Ne4 {[%clk 0:00:12]} 45.
Qf5+ {[%clk 0:00:29]} Kh8 {[%clk 0:00:12]} 46. Rf1 {[%clk 0:00:22]} Qe2+ {[%clk
0:00:13]} 47. Kg1 {[%clk 0:00:23]} Qe3+ {[%clk 0:00:13]} 48. Kh1 {[%clk 0:00:22]}
Nf2+ {[%clk 0:00:14]} 49. Kg2 {[%clk 0:00:23]} Ne4 {[%clk 0:00:14]} 50. Qf8+
{[%clk 0:00:20]} Kh7 {[%clk 0:00:15]} 51. h4 {[%clk 0:00:16]} Qe2+ {[%clk
0:00:16]} 52. Kg1 {[%clk 0:00:14]} Qe3+ {[%clk 0:00:14]} 53. Kg2 {[%clk 0:00:15]}
Qe2+ {[%clk 0:00:15]} 54. Kg1 Qe3+ {[%clk 0:00:17]} 55. Kg2 {[%clk 0:00:17]} Qe2+
{[%clk 0:00:18]} 56. Kg1 {[%clk 0:00:11]} Qe3+ {[%clk 0:00:20]} 57. Kh1 {[%clk
0:00:13]} Ng3+ {[%clk 0:00:20]} 58. Kg2 {[%clk 0:00:14]} Ne4 {[%clk 0:00:20]} 59.
Nh2 {[%clk 0:00:11]} Qe2+ {[%clk 0:00:20]} 60. Kg1 {[%clk 0:00:07]} Qe3+ {[%clk
0:00:22]} 61. Kg2 {[%clk 0:00:03]} Qg3+ {[%clk 0:00:22]} 62. Kh1 {[%clk 0:00:05]}
Qe3 {[%clk 0:00:20]} 63. Qf5+ Kh8 {[%clk 0:00:21]} 64. Qf3 {[%clk 0:00:06]} Ng3+
{[%clk 0:00:19]} 65. Kg2 {[%clk 0:00:07]} Nxf1 {[%clk 0:00:21]} 66. Qxf1 {[%clk
0:00:08]} Qe4+ {[%clk 0:00:22]} 67. Qf3 {[%clk 0:00:09]} Qc2+ {[%clk 0:00:23]}
68. Kg3 {[%clk 0:00:10]} Qc8 {[%clk 0:00:22]} 69. Ng4 {[%clk 0:00:11]} Qe6 {[%clk
0:00:22]} 70. Nf6 {[%clk 0:00:12]} Qc8 {[%clk 0:00:21]} 71. Qh5+ {[%clk 0:00:14]}
Rh7 {[%clk 0:00:21]} 72. Qxh7# {[%clk 0:00:14]}  1-0

[Event "Deutsche Blitz-Einzelmeisterschaft der Frauen 2021"]
[Site "Magdeburg"]
[Date "2021.08.01"]
[Round "1"]
[Board "9"]
[White "Albayrak, Berrak"]
[Black "Zschischang, Marine"]
[Result "0-1"]
[WhiteElo "1491"]
[BlackElo "2034"]
[PlyCount "0"]
[EventDate "2021.08.01"]
[EventRounds "21"]
[EventCountry "GER"]

1. e4 {[%clk 0:03:02]} e6 {[%clk 0:03:02]} 2. d4 {[%clk 0:03:02]} d5 {[%clk
0:03:06]} 3. Nd2 {[%clk 0:03:03]} dxe4 {[%clk 0:03:07]} 4. Nxe4 {[%clk 0:03:03]}
Nd7 {[%clk 0:03:08]} 5. Nf3 {[%clk 0:03:02]} Ngf6 {[%clk 0:03:10]} 6. Bd3 {[%clk
0:02:50]} c5 {[%clk 0:03:01]} 7. dxc5 {[%clk 0:02:22]} Nxc5 {[%clk 0:03:07]} 8.
Nxc5 {[%clk 0:02:21]} Bxc5 {[%clk 0:03:08]} 9. O-O {[%clk 0:02:20]} O-O {[%clk
0:03:08]} 10. Bg5 {[%clk 0:02:17]} b6 {[%clk 0:03:06]} 11. a3 {[%clk 0:02:01]} a5
{[%clk 0:03:07]} 12. Qe2 {[%clk 0:01:38]} Bb7 {[%clk 0:03:07]} 13. Rad1 {[%clk
0:01:36]} Qc7 {[%clk 0:03:08]} 14. Bxf6 {[%clk 0:01:30]} gxf6 {[%clk 0:03:08]}
15. Nd4 {[%clk 0:00:49]} f5 {[%clk 0:02:47]} 16. Nf3 {[%clk 0:00:26]} Rfd8 {[%clk
0:02:43]} 17. Ne5 {[%clk 0:00:17]} Bd4 {[%clk 0:02:24]} 18. Nc4 {[%clk 0:00:11]}
Qc6 {[%clk 0:02:17]} 19. Qf3 {[%clk 0:00:08]} Qxf3 {[%clk 0:02:17]} 20. gxf3
{[%clk 0:00:09]} Bxf3 {[%clk 0:02:17]} 21. Rde1 {[%clk 0:00:08]} Kh8 {[%clk
0:02:15]} 22. Re3 {[%clk 0:00:03]} Rg8# {[%clk 0:02:15]}  0-1

[Event "Deutsche Blitz-Einzelmeisterschaft der Frauen 2021"]
[Site "Magdeburg"]
[Date "2021.08.01"]
[Round "1"]
[Board "11"]
[White "Skogvall, Martina"]
[Black "Zeller, Elisa"]
[Result "1/2-1/2"]
[WhiteElo "2014"]
[BlackElo "1917"]
[PlyCount "0"]
[EventDate "2021.08.01"]
[EventRounds "21"]
[EventCountry "GER"]

1. e4 {[%clk 0:03:02]} e6 {[%clk 0:03:03]} 2. d4 {[%clk 0:03:04]} d5 {[%clk
0:03:02]} 3. e5 {[%clk 0:03:05]} c5 {[%clk 0:03:01]} 4. Qg4 {[%clk 0:02:57]} Nc6
{[%clk 0:02:47]} 5. Nf3 {[%clk 0:03:04]} cxd4 {[%clk 0:02:12]} 6. Bd3 {[%clk
0:03:04]} Nge7 {[%clk 0:02:05]} 7. O-O {[%clk 0:03:01]} Ng6 {[%clk 0:01:56]} 8.
Re1 {[%clk 0:03:00]} Qb6 {[%clk 0:01:43]} 9. a3 {[%clk 0:02:47]} Bd7 {[%clk
0:01:42]} 10. Nbd2 {[%clk 0:02:33]} Be7 {[%clk 0:01:38]} 11. h4 {[%clk 0:02:24]}
Qc7 {[%clk 0:01:03]} 12. Qg3 {[%clk 0:02:18]} O-O-O {[%clk 0:00:59]} 13. h5
{[%clk 0:02:16]} Nf8 {[%clk 0:00:04]} 14. Qxg7 {[%clk 0:02:15]} Ng6 {[%clk
0:00:04]} 15. hxg6 {[%clk 0:02:13]} hxg6 {[%clk 0:00:04]} 16. Qxf7 {[%clk
0:02:05]} Rdf8 {[%clk 0:00:06]} 17. Qxg6 {[%clk 0:01:22]} Rfg8 {[%clk 0:00:07]}
18. Qf7 {[%clk 0:01:09]} Rf8 {[%clk 0:00:09]} 19. Qg6 {[%clk 0:01:10]} Rfg8
{[%clk 0:00:10]}  1/2-1/2

[Event "Deutsche Blitz-Einzelmeisterschaft der Frauen 2021"]
[Site "Magdeburg"]
[Date "2021.08.01"]
[Round "2"]
[Board "1"]
[White "Wulf, Constanze"]
[Black "Zeller, Elisa"]
[Result "1-0"]
[WhiteElo "1817"]
[BlackElo "1917"]
[PlyCount "0"]
[EventDate "2021.08.01"]
[EventRounds "21"]
[EventCountry "GER"]

1. e4 {[%clk 0:03:03]} e6 {[%clk 0:03:03]} 2. d3 {[%clk 0:02:58]} d5 {[%clk
0:02:55]} 3. Nd2 {[%clk 0:02:58]} c5 {[%clk 0:03:04]} 4. Ngf3 {[%clk 0:02:57]}
Nc6 {[%clk 0:02:55]} 5. g3 {[%clk 0:02:52]} Nge7 {[%clk 0:02:59]} 6. Bg2 {[%clk
0:02:53]} Ng6 {[%clk 0:02:59]} 7. O-O {[%clk 0:02:42]} Bd6 {[%clk 0:02:58]} 8.
exd5 {[%clk 0:02:36]} exd5 {[%clk 0:02:57]} 9. Qe2+ {[%clk 0:02:33]} Be7 {[%clk
0:02:52]} 10. Re1 {[%clk 0:02:29]} O-O {[%clk 0:02:47]} 11. Nf1 {[%clk 0:02:24]}
Bf6 {[%clk 0:02:34]} 12. c3 {[%clk 0:02:23]} Bg4 {[%clk 0:02:31]} 13. Qc2 {[%clk
0:02:22]} Qb6 {[%clk 0:02:18]} 14. Ne3 {[%clk 0:02:14]} Bxf3 {[%clk 0:02:13]} 15.
Bxf3 {[%clk 0:02:12]} d4 {[%clk 0:01:46]} 16. Nd5 {[%clk 0:02:04]} Qd8 {[%clk
0:01:42]} 17. Nxf6+ {[%clk 0:01:53]} Qxf6 {[%clk 0:01:37]} 18. Bg2 {[%clk
0:01:38]} Rac8 {[%clk 0:01:13]} 19. Bd2 {[%clk 0:01:25]} Nge5 {[%clk 0:01:03]}
20. Bf4 {[%clk 0:01:11]} b6 {[%clk 0:00:35]} 21. Re2 {[%clk 0:00:59]} Ng6 22. Bd2
{[%clk 0:00:50]}  1-0

[Event "Deutsche Blitz-Einzelmeisterschaft der Frauen 2021"]
[Site "Magdeburg"]
[Date "2021.08.01"]
[Round "2"]
[Board "3"]
[White "Zschischang, Marine"]
[Black "Muetsch, Annmarie"]
[Result "1-0"]
[WhiteElo "2034"]
[BlackElo "2294"]
[PlyCount "0"]
[EventDate "2021.08.01"]
[EventRounds "21"]
[EventCountry "GER"]

1. d4 {[%clk 0:03:03]} d6 {[%clk 0:03:03]} 2. e4 {[%clk 0:03:04]} Nf6 {[%clk
0:03:04]} 3. f3 {[%clk 0:03:05]} Nbd7 {[%clk 0:03:02]} 4. Be3 {[%clk 0:02:56]} e5
{[%clk 0:03:03]} 5. d5 {[%clk 0:03:06]} g6 {[%clk 0:03:00]} 6. Qd2 {[%clk
0:03:05]} c6 {[%clk 0:02:50]} 7. Nc3 {[%clk 0:02:52]} cxd5 {[%clk 0:02:51]} 8.
Nxd5 {[%clk 0:02:52]} Nxd5 {[%clk 0:02:51]} 9. Qxd5 {[%clk 0:02:51]} a6 {[%clk
0:02:09]} 10. Bc4 {[%clk 0:02:43]} Qe7 {[%clk 0:02:06]} 11. O-O-O {[%clk
0:02:34]} Nf6 {[%clk 0:02:06]} 12. Qd2 {[%clk 0:02:31]} Be6 {[%clk 0:02:04]} 13.
Bb3 {[%clk 0:02:24]} Rc8 {[%clk 0:01:55]} 14. Kb1 {[%clk 0:02:25]} Qc7 {[%clk
0:01:38]} 15. Ne2 {[%clk 0:02:12]} b5 {[%clk 0:01:30]} 16. Bg5 {[%clk 0:02:02]}
Nd7 {[%clk 0:01:22]} 17. h4 {[%clk 0:01:47]} h6 {[%clk 0:01:20]} 18. Be3 {[%clk
0:01:47]} Nb6 {[%clk 0:01:12]} 19. Nc3 {[%clk 0:01:38]} Nc4 {[%clk 0:01:05]} 20.
Qf2 {[%clk 0:01:27]} Nxe3 {[%clk 0:00:50]} 21. Qxe3 {[%clk 0:01:28]} b4 {[%clk
0:00:36]} 22. Nd5 {[%clk 0:01:27]} Bxd5 {[%clk 0:00:34]} 23. Rxd5 {[%clk
0:01:21]} Be7 {[%clk 0:00:34]} 24. g4 {[%clk 0:01:14]} Kf8 {[%clk 0:00:33]} 25.
f4 {[%clk 0:01:01]} Kg7 {[%clk 0:00:30]} 26. f5 {[%clk 0:00:54]} a5 {[%clk
0:00:27]} 27. Qf3 {[%clk 0:00:43]} Qc6 {[%clk 0:00:20]} 28. f6+ {[%clk 0:00:44]}
Bxf6 {[%clk 0:00:08]} 29. Rf1 {[%clk 0:00:42]} Rhf8 {[%clk 0:00:06]} 30. Qxf6+
{[%clk 0:00:42]} Kh7 {[%clk 0:00:05]} 31. Rxd6 {[%clk 0:00:41]} Qb5 {[%clk
0:00:05]} 32. Bxf7 {[%clk 0:00:34]}  1-0

[Event "Deutsche Blitz-Einzelmeisterschaft der Frauen 2021"]
[Site "Magdeburg"]
[Date "2021.08.01"]
[Round "2"]
[Board "4"]
[White "Mader, Lena"]
[Black "Albayrak, Berrak"]
[Result "0-1"]
[WhiteElo "1689"]
[BlackElo "1491"]
[PlyCount "0"]
[EventDate "2021.08.01"]
[EventRounds "21"]
[EventCountry "GER"]

1. c4 {[%clk 0:03:03]} d6 {[%clk 0:03:03]} 2. Nc3 {[%clk 0:03:03]} Nf6 {[%clk
0:03:04]} 3. Nf3 {[%clk 0:03:04]} g6 {[%clk 0:03:04]} 4. g3 {[%clk 0:03:04]} Bg7
{[%clk 0:03:04]} 5. Bg2 {[%clk 0:03:04]} O-O {[%clk 0:03:04]} 6. O-O {[%clk
0:03:04]} c5 {[%clk 0:03:07]} 7. d3 {[%clk 0:03:10]} Nc6 {[%clk 0:03:01]} 8. Rb1
{[%clk 0:03:10]} a6 {[%clk 0:02:46]} 9. a3 {[%clk 0:03:11]} Rb8 {[%clk 0:02:45]}
10. b4 {[%clk 0:03:11]} cxb4 {[%clk 0:02:40]} 11. axb4 {[%clk 0:03:13]} b5 {[%clk
0:02:24]} 12. cxb5 {[%clk 0:03:08]} axb5 {[%clk 0:02:24]} 13. Nd2 {[%clk
0:03:00]} Bd7 {[%clk 0:02:14]} 14. Nce4 {[%clk 0:02:58]} Nxe4 {[%clk 0:02:06]}
15. Nxe4 {[%clk 0:02:59]} Qc8 {[%clk 0:02:06]} 16. Be3 {[%clk 0:02:45]} Bh3
{[%clk 0:02:05]} 17. Qc1 {[%clk 0:02:31]} Bxg2 {[%clk 0:02:04]} 18. Rd1 {[%clk
0:02:31]} Bxe4 {[%clk 0:02:00]} 19. dxe4 {[%clk 0:02:33]} Ne5 {[%clk 0:01:54]}
20. Qd2 {[%clk 0:02:28]} Nc4 {[%clk 0:01:53]} 21. Qc1 {[%clk 0:02:19]} Nxe3
{[%clk 0:01:53]} 22. Qxe3 {[%clk 0:02:21]} Qe6 {[%clk 0:01:48]} 23. Kg2 {[%clk
0:02:21]} Rfc8 {[%clk 0:01:46]} 24. Rd2 {[%clk 0:02:18]} Rc4 {[%clk 0:01:40]} 25.
Rd5 {[%clk 0:02:14]} Rxe4 {[%clk 0:01:29]} 26. Qa7 {[%clk 0:02:13]} Qxd5 {[%clk
0:01:17]} 27. Qxb8+ {[%clk 0:02:14]} Bf8 {[%clk 0:01:19]} 28. Kg1 {[%clk
0:01:55]} Qe5 {[%clk 0:00:30]} 29. Qb7 {[%clk 0:01:51]} Rxe2 {[%clk 0:00:28]} 30.
h4 {[%clk 0:01:33]} Re1+ {[%clk 0:00:19]} 31. Rxe1 {[%clk 0:01:35]} Qxe1+ {[%clk
0:00:19]} 32. Kg2 {[%clk 0:01:36]} Qxb4 {[%clk 0:00:27]} 33. Qb6 {[%clk 0:01:37]}
Qc5 {[%clk 0:00:25]} 34. Qb8 {[%clk 0:01:37]} b4 {[%clk 0:00:25]} 35. Qb7 {[%clk
0:01:37]} e6 {[%clk 0:00:24]} 36. Qb8 {[%clk 0:01:36]} Qc4 {[%clk 0:00:22]} 37.
Qb6 {[%clk 0:01:30]} b3 {[%clk 0:00:20]} 38. h5 {[%clk 0:01:32]} Qd5+ {[%clk
0:00:15]} 39. Kg1 {[%clk 0:01:24]} Qd1+ {[%clk 0:00:16]} 40. Kg2 {[%clk 0:01:25]}
Qc2 {[%clk 0:00:14]} 41. Qd8 {[%clk 0:01:21]} b2 {[%clk 0:00:15]} 42. hxg6 {[%clk
0:01:21]} hxg6 {[%clk 0:00:16]} 43. Qb6 {[%clk 0:01:20]} b1=Q {[%clk 0:00:16]}
44. Qe3 {[%clk 0:01:20]} Qe4+ {[%clk 0:00:16]} 45. Qf3 {[%clk 0:01:21]} Qxf3+
{[%clk 0:00:17]} 46. Kxf3 {[%clk 0:01:23]} Qd3+ {[%clk 0:00:18]} 47. Kg2 {[%clk
0:01:24]} Qe4+ {[%clk 0:00:19]} 48. Kg1 {[%clk 0:01:25]} d5 {[%clk 0:00:21]} 49.
Kh2 {[%clk 0:01:26]} d4 {[%clk 0:00:22]}  0-1

[Event "Deutsche Blitz-Einzelmeisterschaft der Frauen 2021"]
[Site "Magdeburg"]
[Date "2021.08.01"]
[Round "2"]
[Board "5"]
[White "Schneider, Birgit"]
[Black "Stangl, Anita"]
[Result "0-1"]
[WhiteElo "1993"]
[BlackElo "1982"]
[PlyCount "0"]
[EventDate "2021.08.01"]
[EventRounds "21"]
[EventCountry "GER"]

1. e4 {[%clk 0:03:03]} e6 {[%clk 0:03:04]} 2. d4 {[%clk 0:03:03]} d5 {[%clk
0:03:05]} 3. e5 {[%clk 0:03:04]} c5 {[%clk 0:03:06]} 4. c3 {[%clk 0:03:05]} Nc6
{[%clk 0:03:08]} 5. Nf3 {[%clk 0:03:06]} Qb6 {[%clk 0:03:08]} 6. a3 {[%clk
0:03:07]} cxd4 {[%clk 0:03:09]} 7. cxd4 {[%clk 0:03:08]} f6 {[%clk 0:03:10]} 8.
Nc3 {[%clk 0:02:59]} fxe5 {[%clk 0:03:02]} 9. dxe5 {[%clk 0:02:40]} g6 {[%clk
0:03:00]} 10. Na4 {[%clk 0:02:13]} Qc7 {[%clk 0:02:55]} 11. Bf4 {[%clk 0:01:57]}
Bg7 {[%clk 0:02:55]} 12. Bb5 {[%clk 0:01:36]} Ne7 {[%clk 0:02:53]} 13. O-O {[%clk
0:01:31]} O-O {[%clk 0:02:44]} 14. Bxc6 {[%clk 0:01:31]} Nxc6 {[%clk 0:02:52]}
15. Bg3 {[%clk 0:01:28]} Nxe5 {[%clk 0:02:38]} 16. Nxe5 {[%clk 0:01:16]} Bxe5
{[%clk 0:02:29]} 17. Rc1 {[%clk 0:01:16]} Qd6 {[%clk 0:02:34]} 18. Bxe5 {[%clk
0:01:08]} Qxe5 {[%clk 0:02:34]} 19. Re1 {[%clk 0:01:07]} Qf6 {[%clk 0:02:32]} 20.
Qd2 {[%clk 0:01:01]} Qf4 {[%clk 0:01:57]} 21. Qxf4 {[%clk 0:00:49]} Rxf4 {[%clk
0:01:58]} 22. Rc7 {[%clk 0:00:43]} Rxa4 {[%clk 0:01:55]}  0-1

[Event "Deutsche Blitz-Einzelmeisterschaft der Frauen 2021"]
[Site "Magdeburg"]
[Date "2021.08.01"]
[Round "2"]
[Board "6"]
[White "Zimmer, Elke"]
[Black "Voicu-Jagodzinsky, Carmen"]
[Result "0-1"]
[WhiteElo "1872"]
[BlackElo "2194"]
[PlyCount "0"]
[EventDate "2021.08.01"]
[EventRounds "21"]
[EventCountry "GER"]

1. e4 {[%clk 0:03:04]} c5 {[%clk 0:02:53]} 2. Nc3 {[%clk 0:03:04]} Nc6 {[%clk
0:02:53]} 3. g3 {[%clk 0:03:04]} g6 {[%clk 0:03:05]} 4. Bg2 {[%clk 0:03:07]} Bg7
{[%clk 0:03:06]} 5. d3 {[%clk 0:03:07]} d6 {[%clk 0:03:06]} 6. Be3 {[%clk
0:02:56]} Rb8 {[%clk 0:03:09]} 7. Qd2 {[%clk 0:02:57]} e6 {[%clk 0:03:10]} 8. f3
{[%clk 0:02:57]} b5 {[%clk 0:03:09]} 9. Nge2 {[%clk 0:02:57]} b4 {[%clk 0:03:00]}
10. Nd1 {[%clk 0:02:57]} Nd4 {[%clk 0:03:03]} 11. c3 {[%clk 0:02:51]} bxc3 {[%clk
0:03:04]} 12. bxc3 {[%clk 0:02:52]} Nxe2 {[%clk 0:03:04]} 13. Qxe2 {[%clk
0:02:53]} Qa5 {[%clk 0:03:01]} 14. Bd2 {[%clk 0:02:28]} Ne7 {[%clk 0:02:51]} 15.
O-O {[%clk 0:02:28]} O-O {[%clk 0:02:51]} 16. h3 {[%clk 0:02:11]} Qa3 {[%clk
0:02:49]} 17. Kh2 {[%clk 0:02:09]} Ba6 {[%clk 0:02:49]} 18. Bf4 {[%clk 0:01:44]}
e5 {[%clk 0:02:41]} 19. Bd2 {[%clk 0:01:44]} f5 {[%clk 0:02:39]} 20. c4 {[%clk
0:01:39]} Nc6 {[%clk 0:02:35]} 21. Be3 {[%clk 0:01:33]} f4 {[%clk 0:02:33]} 22.
Bf2 {[%clk 0:01:28]} fxg3+ {[%clk 0:02:33]} 23. Kxg3 {[%clk 0:01:29]} Qa5 {[%clk
0:02:12]} 24. h4 {[%clk 0:01:28]} Qd8 {[%clk 0:02:12]} 25. Bh3 {[%clk 0:01:26]}
Bc8 {[%clk 0:02:12]} 26. Bxc8 {[%clk 0:01:26]} Qxc8 {[%clk 0:02:06]} 27. Nc3
{[%clk 0:01:23]} Nd4 {[%clk 0:01:56]} 28. Bxd4 {[%clk 0:01:23]} cxd4 {[%clk
0:01:40]} 29. Nd5 {[%clk 0:01:24]} Rf7 {[%clk 0:01:35]} 30. Rab1 {[%clk 0:01:23]}
Rfb7 {[%clk 0:01:32]} 31. Qc2 {[%clk 0:01:17]} h5 {[%clk 0:01:22]} 32. Rxb7
{[%clk 0:01:17]} Qxb7 {[%clk 0:01:21]} 33. Rc1 {[%clk 0:01:18]} Bh6 {[%clk
0:01:14]} 34. Rf1 {[%clk 0:01:14]} Kg7 {[%clk 0:01:15]} 35. Qa4 {[%clk 0:00:58]}
g5 {[%clk 0:00:55]} 36. hxg5 {[%clk 0:00:51]} Bxg5 {[%clk 0:00:56]} 37. Rg1
{[%clk 0:00:51]} Kh6 {[%clk 0:00:51]} 38. Kh3 {[%clk 0:00:36]} Qf7 {[%clk
0:00:51]} 39. Rg3 {[%clk 0:00:29]} h4 {[%clk 0:00:40]} 40. Rxg5 {[%clk 0:00:00]}
 0-1

[Event "Deutsche Blitz-Einzelmeisterschaft der Frauen 2021"]
[Site "Magdeburg"]
[Date "2021.08.01"]
[Round "2"]
[Board "7"]
[White "Michna, Marta"]
[Black "Hofmann, Karina"]
[Result "1-0"]
[WhiteElo "2416"]
[BlackElo "1734"]
[PlyCount "0"]
[EventDate "2021.08.01"]
[EventRounds "21"]
[EventCountry "GER"]

1. Nf3 {[%clk 0:03:02]} b6 {[%clk 0:03:02]} 2. g3 {[%clk 0:03:03]} Bb7 {[%clk
0:03:05]} 3. Bg2 {[%clk 0:03:04]} g6 {[%clk 0:03:07]} 4. d3 {[%clk 0:03:05]} Bg7
{[%clk 0:03:07]} 5. c3 {[%clk 0:03:05]} d6 {[%clk 0:03:10]} 6. e4 {[%clk
0:03:04]} e6 {[%clk 0:03:11]} 7. a4 {[%clk 0:03:02]} Ne7 {[%clk 0:03:11]} 8. a5
{[%clk 0:03:02]} O-O {[%clk 0:03:03]} 9. O-O {[%clk 0:03:00]} c5 {[%clk 0:03:03]}
10. Nbd2 {[%clk 0:02:45]} Nbc6 {[%clk 0:03:12]} 11. axb6 {[%clk 0:02:43]} axb6
{[%clk 0:03:14]} 12. Rxa8 {[%clk 0:02:43]} Qxa8 {[%clk 0:03:14]} 13. Qb3 {[%clk
0:02:32]} Ba6 {[%clk 0:03:14]} 14. Nc4 {[%clk 0:02:14]} Bxc4 {[%clk 0:03:13]} 15.
Qxc4 {[%clk 0:02:15]} Rb8 {[%clk 0:03:13]} 16. Bf4 {[%clk 0:02:04]} Na5 {[%clk
0:03:12]} 17. Qb5 {[%clk 0:02:02]} e5 {[%clk 0:03:04]} 18. Bg5 {[%clk 0:01:48]}
f6 {[%clk 0:03:14]} 19. Be3 {[%clk 0:01:40]} Qc6 {[%clk 0:03:15]} 20. Qxc6 {[%clk
0:01:36]} Nexc6 {[%clk 0:03:16]} 21. Nd2 {[%clk 0:01:34]} b5 {[%clk 0:03:15]} 22.
Bh3 {[%clk 0:01:22]} Kf7 {[%clk 0:03:15]} 23. Bd7 {[%clk 0:01:03]} Rd8 {[%clk
0:03:07]} 24. Bxc6 {[%clk 0:01:03]} Nxc6 {[%clk 0:03:16]} 25. Ra1 {[%clk
0:01:04]} Rd7 {[%clk 0:03:16]} 26. Ra6 {[%clk 0:01:00]} Nb8 {[%clk 0:03:09]} 27.
Rb6 {[%clk 0:01:00]} Rd8 {[%clk 0:02:57]} 28. Rxb5 {[%clk 0:00:58]} Nc6 {[%clk
0:02:56]} 29. Rb6 {[%clk 0:00:51]} Ne7 {[%clk 0:02:56]} 30. Nc4 {[%clk 0:00:51]}
Nc8 {[%clk 0:02:54]} 31. Rb7+ {[%clk 0:00:52]} Kg8 {[%clk 0:02:53]} 32. Kg2
{[%clk 0:00:48]} h5 {[%clk 0:02:54]} 33. h4 {[%clk 0:00:48]} Kh7 {[%clk 0:02:54]}
34. Na5 {[%clk 0:00:48]} Re8 {[%clk 0:02:49]} 35. Rd7 {[%clk 0:00:47]} Re7 {[%clk
0:02:46]} 36. Rd8 {[%clk 0:00:48]} Nb6 {[%clk 0:02:37]} 37. Rxd6 {[%clk 0:00:49]}
Ra7 {[%clk 0:02:26]} 38. Rxb6 {[%clk 0:00:42]} Rxa5 {[%clk 0:02:26]} 39. Rb7
{[%clk 0:00:48]} Kg8 {[%clk 0:02:26]} 40. Rb6 {[%clk 0:00:44]} Ra1 {[%clk
0:02:26]} 41. Bxc5 {[%clk 0:00:44]} Rd1 {[%clk 0:02:26]} 42. d4 {[%clk 0:00:45]}
exd4 {[%clk 0:02:24]} 43. Bxd4 {[%clk 0:00:45]} Rd2 {[%clk 0:02:19]} 44. Kf3
{[%clk 0:00:45]} Kf7 {[%clk 0:02:16]} 45. Rb7+ {[%clk 0:00:46]} Kf8 {[%clk
0:02:17]} 46. b4 {[%clk 0:00:47]} g5 {[%clk 0:02:14]} 47. hxg5 {[%clk 0:00:47]}
Rd3+ {[%clk 0:03:02]} 48. Ke2 {[%clk 0:00:47]}  1-0

[Event "Deutsche Blitz-Einzelmeisterschaft der Frauen 2021"]
[Site "Magdeburg"]
[Date "2021.08.01"]
[Round "2"]
[Board "8"]
[White "Moenster, Madita"]
[Black "Paehtz, Elisabeth"]
[Result "0-1"]
[WhiteElo "1889"]
[BlackElo "2410"]
[PlyCount "0"]
[EventDate "2021.08.01"]
[EventRounds "21"]
[EventCountry "GER"]

1. e4 {[%clk 0:03:02]} c5 {[%clk 0:03:03]} 2. Nf3 {[%clk 0:03:03]} d6 {[%clk
0:03:04]} 3. d4 {[%clk 0:03:04]} cxd4 {[%clk 0:03:05]} 4. Nxd4 {[%clk 0:03:05]}
Nf6 {[%clk 0:03:06]} 5. Nc3 {[%clk 0:03:05]} a6 {[%clk 0:03:07]} 6. f3 {[%clk
0:02:57]} e5 {[%clk 0:03:08]} 7. Nb3 {[%clk 0:03:06]} Be6 {[%clk 0:03:09]} 8. Be3
{[%clk 0:03:06]} Nbd7 {[%clk 0:03:07]} 9. Qd2 {[%clk 0:03:07]} h5 {[%clk
0:03:03]} 10. O-O-O {[%clk 0:03:00]} Rc8 {[%clk 0:03:03]} 11. Kb1 {[%clk
0:02:57]} Be7 {[%clk 0:03:03]} 12. f4 {[%clk 0:02:45]} b5 {[%clk 0:02:55]} 13.
Rg1 {[%clk 0:02:24]} Qc7 {[%clk 0:02:35]} 14. Be2 {[%clk 0:02:06]} Qb7 {[%clk
0:02:29]} 15. Bd3 {[%clk 0:01:31]} Nb6 {[%clk 0:02:24]} 16. Na5 {[%clk 0:01:24]}
Qc7 {[%clk 0:02:24]} 17. f5 {[%clk 0:01:20]} Bd7 {[%clk 0:02:11]} 18. Be2 {[%clk
0:01:11]} b4 {[%clk 0:02:09]} 19. Nd5 {[%clk 0:00:49]} Nbxd5 {[%clk 0:02:09]} 20.
exd5 {[%clk 0:00:48]} Qxa5 {[%clk 0:02:10]} 21. Qd3 {[%clk 0:00:41]} Bb5 {[%clk
0:02:08]} 22. Qd2 {[%clk 0:00:41]} Ne4 {[%clk 0:02:06]} 23. Qe1 {[%clk 0:00:39]}
Rb8 {[%clk 0:01:51]} 24. g4 {[%clk 0:00:37]} Nc3+ {[%clk 0:01:50]} 25. bxc3
{[%clk 0:00:31]} bxc3 {[%clk 0:01:46]} 26. Ka1 {[%clk 0:00:29]} Bh4 {[%clk
0:01:29]} 27. Qf1 {[%clk 0:00:11]} Ba4 {[%clk 0:01:16]} 28. Rb1 {[%clk 0:00:03]}
Rb2 {[%clk 0:01:00]} 29. Rxb2 {[%clk 0:00:07]} cxb2+ {[%clk 0:01:01]} 30. Kb1
{[%clk 0:00:06]} Qc3 {[%clk 0:00:47]} 31. Bd3 {[%clk 0:00:07]} hxg4 {[%clk
0:00:43]} 32. Qe2 {[%clk 0:00:07]} Bf6 {[%clk 0:00:42]} 33. Bd2 {[%clk 0:00:07]}
Qc5 {[%clk 0:00:39]} 34. Rxg4 {[%clk 0:00:08]} Ke7 {[%clk 0:00:36]} 35. Rxa4
{[%clk 0:00:09]} Qg1+ {[%clk 0:00:33]} 36. Qf1 {[%clk 0:00:10]} Qxh2 {[%clk
0:00:32]} 37. Rxa6 {[%clk 0:00:00]} Qxd2 {[%clk 0:00:30]} 38. Ra7+ {[%clk
0:00:00]} Kd8 {[%clk 0:00:11]} 39. Ra8+ {[%clk 0:00:11]} Kc7 {[%clk 0:00:10]} 40.
Rxh8 {[%clk 0:00:02]} Bg5 {[%clk 0:00:10]} 41. Qg1 {[%clk 0:00:02]} Qc1+ {[%clk
0:00:12]}  0-1